[Event "PSPB-chT 19th"]
[Site "Ooty"]
[Date "2008.03.10"]
[Round "6"]
[White "Venkatesh, Marani Rajendran"]
[Black "Singh, RP."]
[Result "1-0"]
[WhiteElo "2444"]
[BlackElo "1842"]
[PlyCount "49"]
[EventDate "2008.03.08"]
[EventType "team-tourn"]
[EventRounds "6"]
[EventCountry "IND"]
[SourceTitle "CBM 123 Extra"]
[Source "ChessBase"]
[SourceDate "2008.05.06"]
[SourceVersion "1"]
[SourceVersionDate "2008.05.06"]
[SourceQuality "1"]

1. e4 e5 2. Nf3 Nf6 3. d4 Nxe4 4. Bd3 d5 5. Nxe5 Bd6 6. 0-0 0-0 7. Nc3 Nxc3 8. bxc3 Nd7 9. f4 f5 10. c4 c6 11. c3 Nf6 12. Qb3 Bxe5 13. fxe5 Ne4 14. cxd5 cxd5 15. Bxe4 fxe4 16. Rxf8+ Kxf8 17. Ba3+ Kg8 18. Rf1 Bg4 19. Rf8+ Qxf8 20. Bxf8 e3 21. Be7 e2 22. Qxd5+ Kh8 23. Kf2 Re8 24. h3 Bf5 25. Kxe2 1-0